|
|
|
|
| LEADER |
00000nab a2200000 a 4500 |
| 001 |
vtls000267816 |
| 003 |
SK-MaSNL |
| 005 |
20260304051004.0 |
| 008 |
250422c1986 xo 0 slo |
| 015 |
|
|
|a SNBRB19rr/mm-uuuuu
|
| 035 |
|
|
|a CL0277930
|
| 035 |
|
|
|a urn:nbn:sk:snk-aba4on
|
| 035 |
|
|
|a (urnnbn)urn:nbn:sk:snk:ar-a09g2n
|
| 035 |
|
|
|a (uuid)ba463a71-8837-41e3-8275-04a2c5f5c674
|
| 040 |
|
|
|a SNKBUCL
|b slo
|c SNKBUCL
|e AACR2
|
| 041 |
0 |
|
|a slo
|
| 044 |
|
|
|a xo
|c SK
|
| 080 |
|
|
|a 331.024.35
|2 1981
|
| 080 |
|
|
|a 331.5
|2 1981
|
| 080 |
|
|
|a 331.01
|2 1981
|
| 100 |
1 |
|
|a Mihalik, Jozef
|4 aut
|9 276778
|
| 245 |
1 |
0 |
|a Pozdvihnúť spoločenskú produktivitu práce na svetovú úroveň
|c Jozef Mihalik
|
| 300 |
|
|
|b Lit. 6 zázn. v slov.
|
| 650 |
0 |
7 |
|a produktivita práce
|2 snkbucl
|9 2344
|
| 655 |
|
7 |
|a články z novín a časopisov
|2 snkbucl
|9 267496
|
| 773 |
0 |
|
|t Ekonomika práce
|g Č. 2 (1986), s. 8-19
|
| 850 |
|
|
|a Slovenská národná knižnica
|
| 852 |
|
|
|a Slovenská národná knižnica
|
| 954 |
|
|
|a odborná, vedecká literatúra pôvodná (slovenská)
|2 lita
|
| 958 |
|
|
|a article13
|
| 958 |
|
|
|a RK
|
| 958 |
|
|
|a NB
|
| 958 |
|
|
|a OND
|
| 958 |
|
|
|a EUIPO
|
| 992 |
|
|
|a RBX
|
| 999 |
|
|
|c 2701331
|d 2703261
|